Mobilný portál ezdravie - Autentizačný a autorizačný modul

Enregistré dans:
Détails bibliographiques
Auteur principal: Šarmír, Erik (Auteur)
Autres auteurs: Jókay, Matúš (Directeur de thèse)
Format: Manuscrit Livre
Langue:slovaque
Publié: Bratislava : STU v Bratislave FEI, 2020
Sujets:
Accès en ligne:https://opac.crzp.sk/?fn=detailBiblioForm&sid=201CE56335A527AB010F9B791929&seo=CRZP-detail-kniha
Tags: Ajouter un tag
Pas de tags, Soyez le premier à ajouter un tag!

MARC

LEADER 00000ntm a22000003a 4500
001 stuzp78859
003 SK-STU
005 20200827092303.7
007 ta
008 150427s2015----xo-----f-mn---000-0-slo-d
040 |a STU  |b slo 
041 0 |a slo 
044 |a xo 
100 1 |a Šarmír, Erik  |u 035000  |4 aut  |U FEI Fakulta elektrotechniky a informatiky  |T FEI Ústav informatiky a matematiky  |X 92361  |U E050  |Y 816  |7 92361 
242 0 1 |a E-health mobile application - Authentication and authorization module  |y eng 
245 1 0 |a Mobilný portál ezdravie - Autentizačný a autorizačný modul 
260 |c Bratislava :  |c STU v Bratislave FEI,  |c 2020 
300 |a 58 s. 
650 4 |a ezdravie  |2 slo 
650 4 |a autentizácia  |2 slo 
650 4 |a autorizácia  |2 slo 
650 4 |a one-time password  |2 slo 
650 4 |a E-health  |2 eng 
650 4 |a authentication  |2 eng 
650 4 |a authorization  |2 eng 
650 4 |a one-time password  |2 eng 
700 1 |a Jókay, Matúš  |u 035000  |k Z1  |4 ths  |U FEI Fakulta elektrotechniky a informatiky  |T FEI Ústav informatiky a matematiky  |X 10139  |U E050  |Y 816  |7 A000010139 
856 4 |u https://opac.crzp.sk/?fn=detailBiblioForm&sid=201CE56335A527AB010F9B791929&seo=CRZP-detail-kniha